000 00316nam a22001337a 4500
008 171108b xxu||||| |||| 00| 0 eng d
020 _ax00041rgrl
041 _aeng
080 _213TH
_a330.322
100 _a64
101 _aINV
245 _aREAL ESTATE FINANCE AND INVESTMENTS
_cBRUEGGEMAN,W.B
942 _2udc
_cBK
999 _c38235
_d38235